00317 a2200145 450000100060000002000150000604000260002110000200004724000250006724500200009230000070011236200090011944000120012865000310014048664 a8516022269 cAnchieta - Bela Vista aBandeira, Pedro10aA pequena bruxalpor10aA pequena bruxa a480 a2009 1aModerna 4aLiteratura infanto-juvenil